Fünfzig Jahre im preussischen Hofpredigerdienste. (D. E. Jablonsky.)

Titel: Fünfzig Jahre im preussischen Hofpredigerdienste. (D. E. Jablonsky.) / J. Kvacsala
Verfasser:
In: Zwischen Dorpat, Pressburg und Wien, (2018), Seite 159-172
alle Artikel anzeigen
Veröffentlicht: 2018
Format: Aufsatz
Sprache: Deutsch
Schlagworte:
Kein Bild verfügbar
X
alg: 43955659
001A    $03025:04-12-18 
001B    $06060:29-05-19 $t00:40:25.000 
001D    $03025:04-12-18 
001U    $0utf8 
001X    $00 
002@    $0Aou 
002C    $aText $btxt $2rdacontent 
002D    $aohne Hilfsmittel zu benutzen $bn $2rdamedia 
002E    $aBand $bnc $2rdacarrier 
003@    $0439556597 
007A    $0439556597 $aHEB 
010@    $ager 
010E    $erda 
011@    $a2018 
021A    $aFünfzig Jahre im preussischen Hofpredigerdienste. (D. E. Jablonsky.) $hJ. Kvacsala 
028A    $BVerfasser $#Kvačala, Jan $#Kvačala, Jan Radomil $#Kvacala, Ján Rodomil $#Kvacsala, Ján Radomil $#Kvacsala, János $#Kvačala, Johannes $#Kvacsala, Johann $#Kvacsala, Johannes $#Kvacala, Jvan $#Kvacala, Ioannes $#Kvačala, J. $#Chranovský, Ivan $#Kvačala, Johann $#Kvačala, Joannes $#Kvačala, Ivan $#Kvacala, Josef $#Kvačala, Ioannes $4aut $7117555460 $8Kvačala, Jan$Z1862-1934 [Tp1] $9151324433 
031A    $h159-172 $j2018 
037A    $aZuvor in: Učenyja zapiski Imperatorskago Jurʹevskago Universiteta. Acta et Commentationes Imperialis Universitatis Juriviensis (olim Dorpatensis), 4,1 (1896), S. 1-23 
039B    $aEnthalten in $8--Aau--. Zwischen Dorpat, Pressburg und Wien. - Wiesbaden : Harrassowitz Verlag, 2018. - 398 Seiten. - Illustrationen. - ISBN 978-3-447-11044-0 $x201800000000000841 $943324769X 
044K    $RTsevi Hirsh ben Eliyah Libeḳ $RNeumark, Natan ben Löb $RRofe, Ahron ben Mosche $#Jablonski, ... $#Figulus, Daniel Ernst $#Jablonski, Daniel-Ernst $#Jablonski, Daniel Ernestus $#Jablonskj, Daniel Ernst $#Jabłonski, Daniel Ernest $#Jabłoński, Daniel Ernest $#Jablonski, Daniel E. $#Jablonsky, D. E. $#Jablonsky, Daniel Ernst $#Jablonski, Daniel Ernst $7115468277 $8Jablonski, Daniel Ernst$Z1660-1741 [Tp1] $9149669488 
044K    $#Königsberg Preußen $#Königsberg i. Pr. $#Königsberg Pr. $#Königsberg in Ostpreußen $#Königsberg Ostpreußen $#Königsberg (Pr.) $#Königsberg Pregel $#Stadtgemeinde Königsberg $#Königsbergk $#Kaliningrad $#Karaliánčins $#Krulevec $#Karaláuczuje $#Królewiec $#Karaliaučius $#Regimontanus $#Regiomontium $#Regiomontum $#Regiomontum Borussiae $#Калининград $74031541-1 $8Königsberg [Tg1] $908508364X 
044K    $REvangelische Kirche $RCalvinismus $#Reformed Church $#Églises réformées $#Iglesia reformada $#Evangelisch-Reformierte Kirche $74048954-1 $8Reformierte Kirche [Ts1] $9085136360 
044K    $RPrediger $#Hofgeistlicher $74210801-9 $8Hofprediger [Ts1] $9086081969 
045F    $a200.9430709032 $eDDC23BSB 
045F/01 $a200.9 
045F/03 $f09032 
045F/03 $f09033 
045F/03 $g4307 
045R    $aGeschichte 1691-1741 

lok: 43955659 78

exp: 43955659 78 1 #EPN
201B/01 $004-12-18 $t09:25:55.000 
201C/01 $004-12-18 
201U/01 $0utf8 
203@/01 $01035753286 
208@/01 $a04-12-18 $be 
209A/01 $a/ $f000 $x00 
209A/01 $ab*p $x01 
220C/01 $apgar 
244Z/01 $#Preußen $#Preußen $#Brandenburg-Preußen $#Königreich Preußen $#Preußische Staaten $#Preußischer Staat $#Der @Preußische Staat $#Königlich Preußische Staaten $#Prusy Królewskie $#Königlich Preußen $#Prussia $74047194-9 $8--Tg1--Preußen $x01 $9085131652 
247C/01 $82080>Marburg/Lahn, Herder-Institut, Forschungsbibliothek, Bibliographieportal $9336309341
LEADER 00000caa a2200000 c 4500
001 439556597
003 DE-603
005 20190529004025.0
007 tu
008 181204s2018 xx |||| | u00||u|ger c
035 |a (DE-599)HEB439556597 
040 |a DE-603  |b ger  |c DE-603  |d DE-603  |e rda 
041 |a ger 
082 0 4 |8 1\u  |a 200.9430709032  |q DE-101  |2 23/BSB 
085 |8 1\u  |b 200.9 
085 |8 1\u  |z 1  |s 09032 
085 |8 1\u  |z 1  |s 09033 
085 |8 1\u  |z 2  |s 4307 
100 1 |a Kvačala, Jan  |d 1862-1934  |e Verfasser  |4 aut  |0 (DE-603)151324433  |0 (DE-588)117555460  |2 gnd 
245 0 0 |a Fünfzig Jahre im preussischen Hofpredigerdienste. (D. E. Jablonsky.)  |c J. Kvacsala 
264 0 |c 2018 
336 |a Text  |b txt  |2 rdacontent 
337 |a ohne Hilfsmittel zu benutzen  |b n  |2 rdamedia 
338 |a Band  |b nc  |2 rdacarrier 
500 |a Zuvor in: Učenyja zapiski Imperatorskago Jurʹevskago Universiteta. Acta et Commentationes Imperialis Universitatis Juriviensis (olim Dorpatensis), 4,1 (1896), S. 1-23 
600 1 7 |a Jablonski, Daniel Ernst  |d 1660-1741  |0 (DE-588)115468277  |0 (DE-603)149669488  |2 gnd 
648 7 |a Geschichte 1691-1741  |2 gnd 
650 7 |a Reformierte Kirche  |0 (DE-588)4048954-1  |0 (DE-603)085136360  |2 gnd 
650 7 |a Hofprediger  |0 (DE-588)4210801-9  |0 (DE-603)086081969  |2 gnd 
651 7 |a Königsberg  |0 (DE-588)4031541-1  |0 (DE-603)08508364X  |2 gnd 
773 0 8 |i Enthalten in  |t Zwischen Dorpat, Pressburg und Wien  |d Wiesbaden : Harrassowitz Verlag, 2018  |h 398 Seiten, Illustrationen  |z 9783447110440  |z 3447110449  |g (2018), Seite 159-172  |w (DE-603)43324769X 
924 0 |9 2080  |a (DE-603)1035753286  |b DE-2080  |c HES  |d d  |g /